Представление документа в формате RUSMARC

ПолеНазваниеЗначение
  Тип записи a
  Библиографический уровень m
001 Контрольный номер 709ec109c8f24d6cab8f60ed5908438c
005 Дата корректировки 20140908144239.7
101 Язык документа 0_
a Язык текста rus
102 Страна публикации __
a Страна публикации RU
200 Заглавие и сведения об ответственности 1_
a Заглавие Таможенное право
b Общее обозначение материала Текст
e Сведения, относящиеся к заглавию Учебник для вузов
f Первые сведения об ответственности Х.А. Андриашин, В.Г. Свинухов, В Балакин
210 Выходные данные 1_
a Место издания М.
c Издательство Магистр
d Дата издания 2010
215 Физическое описание __
a Объем 368 с.
610 Ключевые слова 0_
a Ключевые слова таможенное право
a Ключевые слова таможенное оформление
a Ключевые слова таможенный режим
a Ключевые слова таможенные платежи
686 Индексы других классификаций __
a Классификационный индекс 67.401.21
700 Автор _1
a Фамилия Андриашин Х.А., Свинухов В.Г., Балакин В.
801 Источник записи _0
a Страна RU
b Организация РУК
g Правила каталогизации PSBO
801 Источник записи _1
a Страна RU
b Организация РУК
g Правила каталогизации PSBO
852 Данные о местонахождении __
i Авторский знак А 65
j Шифр хранения ББК 67.401.21
901 Тип документа __
t Тип документа m
937 Технологическая информация __
a Создатель записи (имя) ОрловаОВ
938 Служебная информация __
a Название организации Смоленский филиал
952 Тип литературы __
b Гриф литературы для ВШ гриф УМО
c Вид литературы учебник